Music Quiz

Random Music or Song Quiz

Rolling Stone 500 - 'M' Songs ♫ Quiz Stats

Quiz not verified by Sporcle

Challenge
Share
Tweet
Embed
Score 0/25 Timer 06:00
0 Plays Today
Ranking Song % Correct
#11My Generation
89.3%
#131Maggie May
81.2%
#88My Girl
74.4%
#199Maybe
65.8%
#460My Sweet Lord
65.8%
#148Me and Bobby McGee
64.1%
#18Maybellene
62.6%
#231Moondance
61.2%
#79Mr. Tambourine Man
58.8%
#107Mr. Tambourine Man
58.8%
#439Midnight Train to Georgia
55%
#255Mack the Knife
49.6%
#347Maybe I'm Amazed
38.5%
Ranking Song % Correct
#386Maps
38.3%
#417Monkey Gone to Heaven
25.5%
#381Marquee Moon
25.3%
#441Mustang Sally
22%
#294Money
21.2%
#498Miss You
21.2%
#77Mystery Train
16.5%
#230Mannish Boy
14.9%
#325Many Rivers to Cross
14.5%
#260Mississippi
5%
#254Money Honey
4.8%
#160Moment of Surrender
3.1%

You're not logged in!

Compare scores with friends on all Sporcle quizzes.
Sign Up with Email
OR
Log In

You Might Also Like...

Show Comments

Extras

Top Quizzes Today


Score Distribution

Your Account Isn't Verified!

In order to create a playlist on Sporcle, you need to verify the email address you used during registration. Go to your Sporcle Settings to finish the process.

Report this User

Report this user for behavior that violates our Community Guidelines.

Details: